ভাষার স্বরুপ সন্ধান : (Record no. 83853)
[ view plain ]
| 000 -LEADER | |
|---|---|
| fixed length control field | 01335nam a2200253 a 4500 |
| 003 - CONTROL NUMBER IDENTIFIER | |
| rucl marc code | BD-RjUL |
| 005 - DATE AND TIME OF LATEST TRANSACTION | |
| control field | 20240530145721.0 |
| 008 - FIXED-LENGTH DATA ELEMENTS--GENERAL INFORMATION | |
| fixed length control field | 240530s1991 bg a|||| m||| 00| 0 ben d |
| 010 ## - LIBRARY OF CONGRESS CONTROL NUMBER | |
| LC control number | ben |
| 020 ## - INTERNATIONAL STANDARD BOOK NUMBER | |
| International Standard Book Number | ben |
| 035 ## - SYSTEM CONTROL NUMBER | |
| system control number | (BD-RjUL) |
| 040 ## - CATALOGING SOURCE | |
| Original cataloging agency | BD-RjUL |
| Language of cataloging | ben / eng |
| Transcribing agency | BD-RjUL |
| Modifying agency | BD-RjUL |
| 041 ## - LANGUAGE CODE | |
| Language code of Book | ben |
| 082 ## - DEWEY DECIMAL CLASSIFICATION NUMBER | |
| DDC Edition number | 23 |
| Classification number | 491.4409 |
| Author mark and Year | HAV 1991 |
| 100 ## - MAIN ENTRY--PERSONAL NAME | |
| Personal name | হক, খোন্দকার মু. আজিজুল |
| 9 (RLIN) | 12034 |
| 245 10 - TITLE STATEMENT | |
| Title | ভাষার স্বরুপ সন্ধান : |
| Remainder of title | প্রায়োগিক প্রেক্ষিত বাংলা ভাষা / |
| Statement of responsibility, etc | খোন্দকার মু. আজিজুল হক ; |
| 260 ## - PUBLICATION, DISTRIBUTION, ETC. (IMPRINT) | |
| Place of publication, distribution, etc | রাজশাহী : |
| Name of publisher, distributor, etc | বাংলা বিভাগ, রাজশাহী বিশ্ববিদ্যালয়, |
| Date of publication, distribution, etc | ১৯৯১ |
| 300 ## - PHYSICAL DESCRIPTION | |
| Pagination | [ঘ], ২২৪ পাতা : |
| Other physical details | চিত্র ; |
| Dimensions | ২৯ সেমি. |
| 502 ## - DISSERTATION NOTE | |
| Dissertation note | থিসিস (পিএইচ. ডি.) -- বাংলা বিভাগ, রাজশাহী বিশ্ববিদ্যালয়, ১৯৯১ |
| 504 ## - BIBLIOGRAPHY, ETC. NOTE | |
| Bibliography, etc | গ্রন্থপঞ্জি : পাতা ২২১-২২৪ |
| 650 ## - SUBJECT ADDED ENTRY--TOPICAL TERM | |
| Topical term or geographic name as entry element | বাংলা ভাষা |
| Form subdivision | ইতিহাস ও সমালোচনা |
| 9 (RLIN) | 13234 |
| Topical term or geographic name as entry element | Bengali language |
| Form subdivision | History and Criticism |
| 9 (RLIN) | 13235 |
| 942 ## - ADDED ENTRY ELEMENTS (KOHA) | |
| Source of classification or shelving scheme | Dewey Decimal Classification |
| Koha item type | Theses |
| Source of classification or shelving scheme | Damaged status | Not for loan | Collection code | Permanent Location | Current Location | Shelving location | Date of accession | Source of acquisition | Total Checkouts | Full call number | Date last seen | Copy number | Thesis |
|---|---|---|---|---|---|---|---|---|---|---|---|---|---|
| Dewey Decimal Classification | Not For Loan | Theses | Central Library, University of Rajshahi | Central Library, University of Rajshahi | Documentation Section | 09/11/1992 | Controller of Exam. R. U. | BTHE 491.4409 HAV 1991 | 30/05/2024 | C-I | Theses |